| 000 | 00694cam a2200205 a 4500 | ||
|---|---|---|---|
| 001 | 000005617 | ||
| 005 | 20200929151726.0 | ||
| 008 | 900416s1941 sp b 001 0aspa | ||
| 040 |
_aDO-SdBNP _bspa _cBNPHU |
||
| 082 |
_a928.61 _bT693v |
||
| 100 | 1 |
_aTorres Villarroel, Diego de, _d1693?-1770 _915022 |
|
| 245 | 1 | 0 |
_aVida / _cDiego de Torres Villarroel. |
| 260 |
_aMadrid : _bEspasa Calpe, _c1941. |
||
| 300 |
_axxvi, 246 p. ; _c19 cm. |
||
| 490 | 1 |
_aClásicos castellanos _v7 |
|
| 600 | 1 | 0 |
_aTORRES VILLARROEL, DIEGO DE, _d1693?-1770 _xBIOGRAFÍA _915861 |
| 650 | 4 |
_aAutobiografía _9323 |
|
| 650 | 4 |
_aAutores españoles _ySIGLO XX _xBiografías _915862 |
|
| 830 | 0 |
_aClásicos castellanos ; _v7. _94180 |
|
| 999 |
_c5416 _d5416 |
||